000 01452nam0a2200325 4500
001 RU\NLR\BIBL_A\021990561
005 20231018101057.0
010 _a978-5-9266-1906-2
_950
021 _aRU
_bКН-П-23-040489
_9КН-П-23-4038
035 _a(NLR Aleph) 021990561
035 _a(RuMoRGB)011874525
090 _a12426161
_c12426161
100 _a20230728d2023 k y0rusy50 ca
101 0 _arus
102 _aRU
105 _ay z 000zy
181 0 _ai
_baxxe
182 0 _an
200 1 _aКонституционные основы институционализации и функционирования муниципальной власти в Российской Федерации
_eмонография
_fЕ. Е. Власенко
_gКраснодарский университет МВД России
203 _aТекст
_bвизуальный
_cнепосредственный
210 _aКраснодар
_cКрУ МВД России
_d2023
215 _a176 с.
_d21
320 _aБиблиогр.: с. 168-175 и в подстроч. примеч.
606 1 _aМестное самоуправление
_yРоссийская Федерация
_2nlr_sh1
_2nlr_sh2
_3RU\NLR\AUTH\661253368
686 1 _aХ621.011.2
700 1 _aВласенко
_bЕ. Е.
_gЕлена Евгеньевна
942 _cBOOK
980 _aNB